000 00370nam a22001337a 4500
999 _c522375
_d522375
008 230405b ||||| |||| 00| 0 eng d
100 _aYadav, Sajian Singh and Agarwal, Sumit
_939966
245 _aTowards cooperative fiscal federalism
260 _aYojana
300 _a67(3), Mar, 2023: p.13-18
773 _aYojana
906 _aFISCAL FEDERISM
942 _cAR